Der erste Buchdruck in Tübingen (1498-1534) : Ein Beitrag zur Geschichte der Universität /

Supplemented by additions published in the Zentralblatt für Bibliothekswesen 1887, 1889, 1896. Describes 161 genuine Tübingen imprints, 18 dubious and 57 apocryph imprints as well as 54 books printed outside of Tübingen.

محفوظ في:

المؤلف الرئيسي: Steiff, Karl (مؤلف)

التنسيق: كتاب الكتروني

اللغة: English
German

منشور في: Leiden ; Boston : Brill, 1963.

سلاسل: European History and Culture - Book Archive pre-2000.

الموضوعات:

الوصول للمادة أونلاين: Login to view Source

الوسوم: إضافة وسم

لا توجد وسوم, كن أول من يضع وسما على هذه التسجيلة!

رقم الطلب: Z148.T9

LEADER 02595nam a22004938i 4500
001 BRILL9789004615854
003 nllekb
005 20240715181342.0
006 m d
007 cr un uuuua
008 240614s1963 gw sb 001 0 eng d
020 |a 9789004615854  |q (electronic book) 
020 |z 9789060041789  |q (print) 
024 7 |a 10.1163/9789004615854  |2 DOI 
035 |a (OCoLC)1438596456 
040 |a NL-LeKB  |c NL-LeKB  |e rda 
041 |a ger 
050 4 |a Z148.T9 
072 7 |a HB  |2 bicssc 
072 7 |a HIS  |x 000000  |2 bisacsh 
082 0 4 |a 686.20943  |2 23 
100 1 |a Steiff, Karl,  |e author. 
245 1 0 |a Der erste Buchdruck in Tübingen (1498-1534) :  |b Ein Beitrag zur Geschichte der Universität /  |c Karl Steiff. 
246 3 |a Ein Beitrag zur Geschichte der Universität 
264 1 |a Leiden ;  |a Boston :  |b Brill,  |c 1963. 
264 4 |c ©1963 
300 |a 1 online resource (298 pages) :  |b illustrations. 
336 |a text  |b txt  |2 rdacontent 
337 |a computer  |b c  |2 rdamedia 
338 |a online resource  |2 rdacarrier 
490 1 |a European History and Culture - Book Archive pre-2000 
504 |a Includes bibliographical references and index. 
505 0 |t Front Matter -- Preliminary Material /  |r Karl Steiff -- Vorwort. /  |r Karl Steiff -- I. Die Drucker und Ihre Pressen. /  |r Karl Steiff -- II. Buchdruck und Universität. /  |r Karl Steiff -- III. Übersicht der Drucke. /  |r Karl Steiff -- II. Verzeichniss der Drucke. /  |r Karl Steiff -- I. Ã"chte Drucke. /  |r Karl Steiff -- II. Zweifelhafte Drucke. /  |r Karl Steiff -- III. Apokryphe Drucke. /  |r Karl Steiff -- Back Matter -- Anhang. Verzeichniss der Auswärts Bestellten Drucke. /  |r Karl Steiff -- Nachtrag /  |r Karl Steiff -- Register. /  |r Karl Steiff -- Nachträge /  |r Karl Steiff. 
520 |a Supplemented by additions published in the Zentralblatt für Bibliothekswesen 1887, 1889, 1896. Describes 161 genuine Tübingen imprints, 18 dubious and 57 apocryph imprints as well as 54 books printed outside of Tübingen. 
546 |a German 
588 |a Description based on print version record. 
650 0 |a Early printed books  |y 16th century. 
650 0 |a German literature  |v Bibliography  |v Early. 
650 0 |a Printing  |z Germany  |z Tübingen  |x History. 
776 0 8 |i Print version:  |t Der erste Buchdruck in Tübingen (1498-1534) : Ein Beitrag zur Geschichte der Universität.  |d Leiden ; Boston : Brill, 1963.  |z 9789060041789 
830 0 |a European History and Culture - Book Archive pre-2000. 
856 4 |z DOI:   |u http://dx.doi.org/10.1163/9789004615854 
942 |2 lcc  |c EBOOK 
999 |c 58769  |d 58769